00270nam a2200121Ia 4500008004100000041001200041082001100053100002000064245002800084250000900112260001900121650000800140221030s9999 xx 000 0 und d aEnglish a105.23 aDeepa Sharma/81 0aReal Estate Management a2005 aJabalpurc2005 aMCA